000 00729nam a22002417a 4500
003 UA-OsUOA
001 124272
007 ta
008 20170803b un ||||| |||| 00| 0 ukr d
100 _aКитаев Н. Н.
090 _a343.25
_bК45
942 _cBK
040 _aUA-OsUOA
_brus
_cUA-OsUOA
_dUA-OsUOA
245 _aНеправосудные приговоры к смертной казни: системный анализ допущенных ошибок
300 _a390 с.
955 _a1
041 _arus
080 _a343.25
020 _a5-94201-297-0
260 _aСПб
_bПресс
_c2004
650 7 _a343 Кримінальне право. Карні порушення
_2UDC
999 _c412243
_d412243